| 000 | 01082nmc a2200373 a 4500 | ||
|---|---|---|---|
| 003 | AR-BaBNM | ||
| 005 | 20251128211526.0 | ||
| 008 | 024120s2003 ||||||||||||||000 | spa|| | ||
| 020 | _a987-538-075-X | ||
| 040 | _cAR-BaBNM | ||
| 245 | 1 | 0 |
_aEl hábito lector _bgoce estético y comprensión del mundo |
| 260 |
_aBuenos Aires _bEdiciones Novedades Educativas _c2003 |
||
| 300 |
_a125 p. _btablas |
||
| 490 | 0 | _aRecursos didácticos | |
| 504 | _aContiene referencias bibliográficas p. 125 | ||
| 650 | 4 | _aINICIACION EN LA LECTURA | |
| 650 | 4 | _aHABITO DE LECTURA | |
| 650 | 4 | _aLECTORES | |
| 650 | 4 | _aPROMOCION DE LA LECTURA | |
| 653 | _aPRODUCCION DE TEXTOS | ||
| 700 | 1 | _aArroyo, Liliana | |
| 700 | 1 | _aBobbio, María Cristina | |
| 700 | 1 | _aCañón, Mila | |
| 700 | 1 | _aCasal de Flores Guerra, Alicia | |
| 700 | 1 | _aCuter, María Elena | |
| 700 | 1 | _aGramigna, Susana | |
| 700 | 1 | _aHermida, Carola | |
| 700 | 1 | _aLestón, Alicia | |
| 700 | 1 | _aRatto, Patricia | |
| 700 | 1 | _aTorres, Mirta | |
| 700 | 1 | _aVijarra, Ana María | |
| 942 | _cBK | ||
| 998 | _craquel | ||
| 999 |
_c20026 _d20026 |
||